00430nam a2200181Ia 4500008004000000041000800040082001200048100002200060245005200082260003800134650000800172650001000180650000700190650001400197650001300211650001200224650001200236210210b1930 xxu||||| |||| 00| 0 eng d aeng a828/286 aHEARNSHAW (F J C) aBritish prime minister of the ninteenth century aLondonbErnest Benn Limitedc1930 athe aprime aof aninteenth aminister acentury aBritish